000 00723nam a2200241 a 4500
001 67327
003 BD-RjUL
005 20211209081634.0
008 051212s2007 cauab 001 0 eng d
020 _a0495011622
035 _a(BD-RjUL)67458
040 _aOKJ
_cOKJ
_dOKJ
_dDLC
_dBD-RjUL
_beng
041 _aeng
082 0 0 _223
_a551.5
_bAHM 2007
100 1 _aAhrens, C. Donald.
_9199474
245 1 0 _aMeteorology today :
_ban introduction to weather, climate, and the environment /
_cC. Donald Ahrens.
250 _a8th ed.
260 _aBelmont, CA :
_bThomson/Brooks/Cole,
_cc2007.
300 _aVarious pagings :
_bill. ;
_c29 cm.
500 _aIncludes index.
650 0 _aMeteorology.
_9199475
942 _2ddc
_cBK
999 _c67327
_d67327